<?xml version="1.0" encoding="UTF-8"?><?xml-stylesheet type="text/xsl" href="static/style.xsl"?><OAI-PMH xmlns="http://www.openarchives.org/OAI/2.0/" xmlns:xsi="http://www.w3.org/2001/XMLSchema-instance" xsi:schemaLocation="http://www.openarchives.org/OAI/2.0/ http://www.openarchives.org/OAI/2.0/OAI-PMH.xsd"><responseDate>2026-06-02T00:42:02Z</responseDate><request verb="GetRecord" identifier="oai:riuma.uma.es:10630/31837" metadataPrefix="marc">https://riuma.uma.es/rest/oai/request</request><GetRecord><record><header><identifier>oai:riuma.uma.es:10630/31837</identifier><datestamp>2026-02-03T11:34:22Z</datestamp><setSpec>com_10630_2254</setSpec><setSpec>col_10630_37953</setSpec></header><metadata><record xmlns="http://www.loc.gov/MARC21/slim" xmlns:dcterms="http://purl.org/dc/terms/" xmlns:doc="http://www.lyncode.com/xoai" xmlns:xsi="http://www.w3.org/2001/XMLSchema-instance" xsi:schemaLocation="http://www.loc.gov/MARC21/slim http://www.loc.gov/standards/marcxml/schema/MARC21slim.xsd">
   <leader>00925njm 22002777a 4500</leader>
   <datafield ind2=" " ind1=" " tag="042">
      <subfield code="a">dc</subfield>
   </datafield>
   <datafield ind2=" " ind1=" " tag="720">
      <subfield code="a">Fikru, Mahelet G.</subfield>
      <subfield code="e">author</subfield>
   </datafield>
   <datafield ind2=" " ind1=" " tag="720">
      <subfield code="a">Gautier, Luis</subfield>
      <subfield code="e">author</subfield>
   </datafield>
   <datafield ind2=" " ind1=" " tag="260">
      <subfield code="c">2020</subfield>
   </datafield>
   <datafield ind2=" " ind1=" " tag="520">
      <subfield code="a">Previous studies find that horizontal merger deals that consolidate a majority of firms in the market are likely to reduce welfare. This study provides an in-depth analysis of the relationship between the size of a merger and welfare in industries with environmental externality. In an international framework we show that in a market where more than 50% of firms have merged, a further increase in the size of the merger could increase or decrease welfare depending on two previously unexplored factors: (i) a given threshold of size of a merger and (ii) the pollution intensity of firms. Furthermore, we show that the relationship between welfare and size of merger can be affected by an exogenous change in emission tax at home and in a foreign country.</subfield>
   </datafield>
   <datafield ind1="8" ind2=" " tag="024">
      <subfield code="a">Mahelet G. Fikru, Luis Gautier, Are big mergers welfare enhancing when there is environmental externality?, Energy Economics, Volume 87, 2020, 104718, ISSN 0140-9883, https://doi.org/10.1016/j.eneco.2020.104718</subfield>
   </datafield>
   <datafield ind1="8" ind2=" " tag="024">
      <subfield code="a">https://hdl.handle.net/10630/31837</subfield>
   </datafield>
   <datafield ind1="8" ind2=" " tag="024">
      <subfield code="a">10.1016/j.eneco.2020.104718</subfield>
   </datafield>
   <datafield tag="653" ind2=" " ind1=" ">
      <subfield code="a">Impuestos ambientales</subfield>
   </datafield>
   <datafield tag="653" ind2=" " ind1=" ">
      <subfield code="a">Sociedades - Fusión</subfield>
   </datafield>
   <datafield tag="653" ind2=" " ind1=" ">
      <subfield code="a">Sociedades - Aspectos ambientales</subfield>
   </datafield>
   <datafield ind2="0" ind1="0" tag="245">
      <subfield code="a">Are big mergers welfare enhancing when there is environmental externality?</subfield>
   </datafield>
</record>
</metadata></record></GetRecord></OAI-PMH>